• 首页
  • 本馆介绍
  • 公告通知
  • 最新文献
  • 馆藏检索
  • 电子资源
  • 读者导购
  • 参考咨询
  • 我的图书馆
  • 登录
  • 详细信息显示
  • 放入我的书架
  • 预约/预借图书
  • 作者相关作品
  • 分类相关作品
  • 丛书相关作品
  • 出版社相关作品

书目信息

  • 表格格式
  • 工作单格式
  • 卡片格式
题名:
警徽在废墟上闪光
    
 
作者: 曾文友 著
分册:  
出版信息: 北京   警官教育出版社  1993.7
页数: 137页
开本: 19cm
丛书名:
单 册:
中图分类: I253 , D632.5
科图分类: 44.657
主题词: 抗震救灾--唐山--1976--参考资料 , 报告文学--中国--现代
电子资源:
ISBN: 7-81027-203-9
000 00941nam0 2200277 45
001 0194010457
005 20070725103749.14
010    @a7-81027-203-9@dCNY3.20
100    @a19940224d1993 em y0chiy0121 ea
101 0  @achi
102    @aCN@b110000
105    @af z 000zy
200 10 @a警徽在废墟上闪光@AJING HUI ZAI FEI XU SHANG SHAN GUANG@f曾文友等著@FZENG WEN YOU DENG ZHU
210    @a北京@c警官教育出版社@d1993.7
215    @a137页@c照片@d19cm
314    @a曾文友,河北丰润县人,唐山警校副校长,中国公文写作研究会、中国高校秘书学会会员,河北省中专政教研究会理事
330    @a本书以纪实的笔法,记述了人民警察在唐山大地震中抢险救灾、保卫民众的事迹。
540 1  @a警徽@AJING HUI
606    @a抗震救灾@y唐山@z1976@x参考资料
606    @a报告文学@y中国@z现代
690    @aI253@v三版
690    @aD632.5@v三版
692    @a44.657
701  0 @a曾文友@AZENG WEN YOU@4著
801  0 @aCN@bTSSF@c20070725
905    @a10447@dI253@e731
    
    警徽在废墟上闪光/曾文友等著.-北京:警官教育出版社,1993.7
    137页:照片;19cm
    
    
    ISBN 7-81027-203-9:CNY3.20
    本书以纪实的笔法,记述了人民警察在唐山大地震中抢险救灾、保卫民众的事迹。
●
相关链接 在E读中查询图书 在五车中查询图书 在当当中查询图书 在豆瓣中查询图书


正题名:警徽在废墟上闪光     索取号:I253/731         预约/预借

序号 登录号 条形码 馆藏地/架位号 状态 备注
1 0767412   207674122   第一样本阅览室/ [索取号:I253/731] 在馆    
唐山师范学院图书馆 欢迎您!
大连网信软件有限公司© 版权所有